Guess the Celebrity by Picture - Letter A - Statistics

General Stats
  • This quiz has been taken 512 times
    316 since last reset
  • The average score is 11 of 16
Answer Stats
Picture Answer % Correct
Ariana Grande
94%
Adele
89%
Adam Sandler
87%
Angelina Jolie
85%
Anne Hathaway
83%
Amy Adams
77%
Andrew Garfield
76%
Avril Lavigne
71%
Arnold Schwarzenegger
65%
Anna Kendrick
64%
Audrey Hepburn
63%
Adam Driver
59%
Alec Baldwin
52%
Alicia Keys
50%
Al Pacino
47%
Alicia Silverstone
28%
No matching quizzes found
Score Distribution
Percent of People with Each Score
Percentile by Number Answered
Your Score History
You have not taken this quiz since the last reset